LEADER 01017nam0 2200277 450 001 000027138 005 20100305160324.0 100 $a20100118d1962----km-y0itaa50------ba 101 1 $aita 102 $aIT 200 1 $a<> letteratura tedesca del terzo reich$fFranz Schonauer 210 $aMilano$cSugar$dstampa 1962 215 $a246 p.$d21 cm. 304 $aTit. orig.: Deutsche Literatur im Dritten Reich 606 1 $aLetteratura tedesca$z1933-1945 676 $a830.900912$v(21. ed.)$9Letteratura tedesca. 1900-1945 700 1$aSchonauer,$bFranz$0444842 801 0$aIT$bUniversitą della Basilicata - B.I.A.$gRICA$2unimarc 912 $a000027138 996 $aLetteratura tedesca del terzo reich$990597 997 $aUNIBAS BAS $aLETTERE CAT $aEXT10$b01$c20100118$lBAS01$h1037 CAT $aATR$b20$c20100305$lBAS01$h1603 FMT Z30 -1$lBAS01$LBAS01$mBOOK$1BASA1$APolo Storico-Umanistico$2FMAS$BFondo Masini$3FMas/817/3256$6817/3256$5B817/3256$820100118$f04$FPrestabile Didattica LEADER 01006nam 2200361 450 001 9910586662503321 005 20221014113259.0 010 $a1-83968-333-3 035 $a(CKB)4950000000721902 035 $a(NjHacI)994950000000721902 035 $a(EXLCZ)994950000000721902 100 $a20221014d2022 uy 0 101 0 $aeng 135 $aur||||||||||| 181 $ctxt$2rdacontent 182 $cc$2rdamedia 183 $acr$2rdacarrier 200 00$aArt and Science of Abdominal Hernia /$fedited by Muhammad Shamim 210 1$aLondon :$cIntechOpen,$d2022. 210 4$d©2022 215 $a1 online resource (68 pages) 311 $a1-83968-332-5 320 $aIncludes bibliographical references and index. 606 $aHernia 615 0$aHernia. 676 $a617.559 702 $aShamim$b Muhammad 801 0$bNjHacI 801 1$bNjHacl 906 $aBOOK 912 $a9910586662503321 996 $aArt and Science of Abdominal Hernia$92903074 997 $aUNINA